Дело о преобразовании городских училищ Казанского учебного округа

Доступно только в Электронных читальных залах Найти на картеНа карте
RUSMARC
00004106nmc2a22002653x 450
001682c7c8d-02e0-4fa7-89f2-2c92d45eb588
00520201022020024.0
100##$a20200316l19101911k l0rusy0189 ca
1010#$arus
102##$aRU
105##$ay###
1222#$ad
2001#$aДело о преобразовании городских училищ Казанского учебного округа
$j7 января 1910 г. - 22 июня 1911 г.
215##$a58 л.
$d36,5х26 см
251##$cДело
300##$aДело
300##$aОриг. заголовок дела: Дело об отпуске кредита на преобразование городских училищ по Казанскому учебному округу. 7 января 1910 г. - 22 июня 1911 г
371##$aДокумент не является опубликованным и широко распространяемым
461#0$1001a74412a3-3cc5-4d21-8f0a-dfe2fbd9e72d
$12001
$aДепартамент народного просвещения Министерства народного просвещения (1803-1917)
$1251
$cФонд
$1852
$j733
462#0$100183b7be38-9039-4a55-aea0-0d9bd5775b1a
$12001
$aДела разряда учительских институтов, семинарий и низших учебных заведений
$1251
$cОпись
$1852
$j177
5171#$aДело об отпуске кредита на преобразование городских училищ по Казанскому учебному округу. 7 января 1910 г. - 22 июня 1911 г
801#0$aRU
$bРГИА
$c20200316
$gRCR
801#1$aRU
$bГлавНИВЦ
$c20200316
$2rusmarc
801#2$aRU
$bПБ им. Б.Н. Ельцина
$c20201022
$gRCR
$2rusmarc
850##$aРГИА
852##$aРГИА
$eФедеральное казенное учреждение "Российский государственный исторический архив" (РГИА)
$j74
937##$hРГИА
$d12341140
$aASBIBLIO_SCAN
035##$aRusGRCC00002628
856##$uhttp://readingroom.main.prlib.ru/item.aspx?id_node=n149409864&mode=full
Формат отображения